Geographic information systems for group decision making : towards a participatory, geographic information science

Bibliographic Details
Main Authors: Jankowski, Piotr (Author), Nyerges, Timothy (Author)
Format: Book
Language:English
Published: London New York : Taylor & Francis, 2001
Series:Research monographs in GIS series
Subjects:

MARC

LEADER 00000cam a2200000 7i4500
001 0000030468
005 20241203.0
008 231006 enka eng
020 |a 9780367578848 (pbk) 
040 |a INS   |b eng   |e rda 
090 0 0 |a G70.212   |b .J36 2001 
100 1 |a Jankowski, Piotr ,   |e author 
245 1 0 |a Geographic information systems for group decision making :   |b towards a participatory, geographic information science   |c Piotr Jankowski and Timothy Nyerges 
246 3 |a Gis for group decision making 
264 1 |a London   |a New York :   |b Taylor & Francis,   |c 2001 
300 |a xiv, 273 pages :   |b illustrations (some colour), maps (some colour) ;   |c 24 cm. 
336 |a text  |2 rdacontent 
337 |a unmediated  |2 rdamedia 
338 |a volume  |2 rdacarrier 
490 0 |a Research monographs in GIS series 
504 |a Includes bibliographical references and index 
650 0 |a Geographic information systems 
650 0 |a Group decision making 
700 1 |a Nyerges, Timothy ,   |e author 
999 |a 1000004680   |b BOOK   |c Open Shelf   |e Default branch